Để quảng cáo không phải là quảng cáo = How to make it as an advertising creative

Cuốn sách này bàn về những phẩm chất bạn cần để có thể thành công trong lĩnh vực quảng cáo, sẽ dạy bạn những kĩ năng vô hình nhưng lại vô cùng quan trọng nếu bạn muốn có một công việc, muốn tồn tại, trưởng thành và thành công ở một...

Disgrifiad llawn

Wedi'i Gadw mewn:
Manylion Llyfryddiaeth
Prif Awdur: Veksner, Simon
Awduron Eraill: Hồng Tú (Dịch)
Fformat: Llyfr
Iaith:Vietnamese
Cyhoeddwyd: H. Lao động xã hôi ; Công ty sách Thái Hà 2016
Pynciau:
Tagiau: Ychwanegu Tag
Dim Tagiau, Byddwch y cyntaf i dagio'r cofnod hwn!
Thư viện lưu trữ: Thư viện Trường Đại học Nam Cần Thơ
LEADER 01333nam a22002057a 4500
001 NCT_51286
008 180921b xxu||||| |||| 00| 0 vie d
999 |c 2448  |d 2448 
020 |a 9786046523918  |c 125000 
082 0 4 |2 23rd ed.  |a 659.11  |b V443 
100 1 |a Veksner, Simon 
245 1 0 |a Để quảng cáo không phải là quảng cáo =  |b How to make it as an advertising creative  |c  Simon Veksner ; Hồng Tú (dịch) 
260 |a H.  |b Lao động xã hôi ; Công ty sách Thái Hà  |c 2016 
300 |a 200 tr.  |b minh họa  |c 23cm 
520 |a Cuốn sách này bàn về những phẩm chất bạn cần để có thể thành công trong lĩnh vực quảng cáo, sẽ dạy bạn những kĩ năng vô hình nhưng lại vô cùng quan trọng nếu bạn muốn có một công việc, muốn tồn tại, trưởng thành và thành công ở một trong số những ngành công nghiệp thú vị nhất trên hành tinh này. 
653 |a Quản trị kinh doanh 
700 1 |a Hồng Tú   |e Dịch 
942 |2 ddc  |c BK 
952 |0 0  |1 0  |2 ddc  |4 0  |6 659_110000000000000_V443  |7 0  |9 14089  |a 000001  |b 000001  |d 2018-09-21  |o 659.11 V443  |p MD.13452  |r 2018-09-21  |v 125000.00  |w 2018-09-21  |y BK 
980 |a Thư viện Trường Đại học Nam Cần Thơ